Cantos del corazón. Colección de poesías morales.

Gespeichert in:
Bibliographische Detailangaben
1. Verfasser: Díaz de Arcaya, Manuel. Autor
Format: keine Angabe
Sprache:Spanisch
Erschienen: Zaragoza Lib. La Educación
Katalog:MANES:  Suchergebnis im Bibliothekskatalog
Schulbuchspezifische Eigenschaften:
Tags: Tag hinzufügen
Keine Tags, Fügen Sie den ersten Tag hinzu!
Hinzugefügt zu:26.04.2016
Geändert in:07.05.2025

MARC

LEADER 000000000a22000000004500
001 07580
003 OSt
005 20250507133319.0
008 160427s sp ||||| |||| 00| 0 spa d
040 |c centro_manes 
041 1 |a spa 
561 |5 es-CICE  |a España. Centro Internacional de la Cultura Escolar  |k MANES 
691 0 |a PRI 
100 1 |a Díaz de Arcaya, Manuel. Autor  |9 3912 
245 0 0 |a Cantos del corazón. Colección de poesías morales. 
260 3 |a Zaragoza  |b Lib. La Educación 
300 |a 140 p.  |c 16 x 10,5 cm 
500 |a Editado en Cartoné. 
690 0 |a EA  |a EyL 
942 |2 ddc  |c BK 
546 |a España 
999 |c 13554  |d 13554 
999 |c manes:13554  |d 13554